000 00541nam a2200157Ia 4500
008 100122s9999 xx 000 0 und d
082 _b76386
_a928
100 _aराजाध्यक्ष आशीष
245 _aबातचीत महेश एलकुंचवारांशी
250 _a1
260 _c2008
300 _a183
630 _aबातचीत महेश एलकुंचवारांशी
730 _aबातचीत महेश एलकुंचवारांशी
942 _cBOOK
999 _c392978
_d392975